[Event "GER-chT Lands U20"]
[Site "Tuebingen"]
[Date "2024.10.04"]
[Round "4"]
[White "Vranckx, Oscar"]
[Black "Sickmann, Lisa"]
[Result "0-1"]
[WhiteElo "1933"]
[BlackElo "1946"]
[PlyCount "56"]
[EventDate "2024.10.03"]
[EventType "team-swiss"]
[EventRounds "7"]
[EventCountry "GER"]
[SourceTitle "CB47_2024"]
[SourceDate "2024.11.20"]
[SourceVersion "1"]
[SourceVersionDate "2024.11.20"]
[SourceQuality "1"]

1. e4 c5 2. Nf3 e6 3. Nc3 Nc6 4. Bb5 Nge7 5. d4 cxd4 6. Nxd4 Ng6 7. 0-0 Bc5 8. Be3 Qe7 9. Qd2 0-0 10. Rae1 a6 11. Be2 b5 12. f4 Nxd4 13. Bxd4 Qd6 14. Rd1 Nxf4 15. Bf3 Ng6 16. Qf2 Bxd4 17. Rxd4 Qb6 18. Rfd1 Ne5 19. b3 Bb7 20. Ne2 Rac8 21. c3 f5 22. Qg3 Nc6 23. Qd6 e5 24. exf5 exd4 25. cxd4 Qc7 26. Bd5+ Kh8 27. Qa3 Rxf5 28. Be4 Rf6 0-1